| 000 | 00775cab a2200253 4500 | ||
|---|---|---|---|
| 001 | WB3004-14 | ||
| 008 | 090401t1994 xxu||||| |||| 00| 0 eng d | ||
| 035 | _a(Sirsi) u58488 | ||
| 041 | _aeng | ||
| 245 | _aHounds on the trail of dry rot | ||
| 260 | _c1994 | ||
| 350 | _a0 | ||
| 490 |
_aTimes _v22 January 1994, Weekend 11(1) |
||
| 520 | _aSuggests that removal of the source of dry rot and of conditions which foster its growth, is sufficient to ensure against a recurrence. | ||
| 650 | _aDOGS | ||
| 650 | _aBUILT ENVIRONMENT-BUILDING PATHOLOGY-INFESTATION (FUNGAL)-FUNGI-DRY ROT | ||
| 650 | _aHUTTON & ROSTRON | ||
| 650 | _aREMOVAL | ||
| 650 | _aROT HOUNDS | ||
| 650 | _aVENTILATION | ||
| 690 |
_aRefurbishment _96264 |
||
| 942 | _n0 | ||
| 948 | _c04/03/1997 | ||
| 999 |
_c35717 _d35717 |
||